000 00478nam a22001455a 4500
020 _a9789712202476
040 _cDLC
082 _a631 INT 2009 A039 Or.
245 0 0 _aIntegrated crop and resource management in the rice-wheat system of South Asia /
260 _aMakati City, Philippines :
_bInternational Rice Research Institute,
_c2009.
300 _avi, 395 p. :
_bill. ;
_c23 cm.
700 1 _aLadha, J. K.
710 2 _aInternational Rice Research Institute.
942 _cEK
999 _c11990
_d11990